000 01033nas a2200349 4500
001 BR0400553
003 BR-BrBNA
005 20231205104307.0
007 ta
008 230509b bl.|||p| |||| 00| 00por d
040 _aBR-BrBNA
_bpor
_cBiblioteca Nacional de Agricultura
041 _a(Pt)
072 _aE70; E14
100 1 _aBongers, F.J.G.
245 1 _aA distribuição de flores e plantas ornamentais e o sistema eletrônico integrado de comercialização
650 _aFLOR
650 _aPLANTA ORNAMENTAL
650 _aABASTECIMENTO
650 _aCOMERCIALIZAÇÃO
650 _aPRODUÇÃO VEGETAL
650 _aPRODUTOR
650 _aOFERTA
650 _aDEMANDA
650 _aEXPORTAÇÃO
650 _aTECNOLOGIA
650 _aQUALIDADE
650 _aLEILÃO
650 _aSISTEMA DE INFORMAÇÃO
773 0 _tRevista Brasileira de Horticultura Ornamental (Brazil)
_xISSN 1414-039X
_g(2002), v. 8(1-2) p. 93-102
_wBR0400553
909 _a202311
_bLúcia
_c55
_dLúcia Elande
942 _2AGRIS
_n0
_cANA
999 _c177397
_d177397